| 000 | 00354nam a2200145Ia 4500 | ||
|---|---|---|---|
| 008 | 230917s9999||||xx |||||||||||||| ||und|| | ||
| 040 |
_e291 _aMAIN |
||
| 041 | _aEnglish | ||
| 082 | _a667.29 S47C | ||
| 100 | _aSolomon, D H | ||
| 245 | 0 | _aChemistry of pigments and fillers | |
| 260 |
_aNew York _bJohn Wiley _c1983 |
||
| 300 | _aix, 309 p. | ||
| 942 | _cBK | ||
| 999 |
_c37843 _d37843 |
||